000 00789nam a2200205 a 4500
001 000024694
005 20200930023320.0
008 110202s1988 pr a r 000 0 spa d
020 _a0865814201
040 _aDO-SdBNP
_bspa
_cBNPHU
082 _axxxxx
_bD363v
100 1 _aDelpin, Eduardo Santiago
_950636
245 1 0 _aVisión de dos amores /
_cEduardo A. Santiago Delpin ; edición Henry Cobb Gorbea ; introducción Richard Cameron.
260 _aSan Juan, Puerto Rico :
_bInstituto de Cultura Puertorriqueña :
_bDivisión de Publicaciones y Grabaciones,
_c1988.
300 _a50 p. :
_bil. , ;
_c20 cm.
500 _aIncluye referencia biográfica del autor en la contracubierta.
700 1 _aCobb Gorbea, Henry,
_eed.
_918363
700 1 _aCameron, Richard
_950637
049 _aBNGR
999 _c24187
_d24187